000 00713nam a2200265Ia 4500
005 20250425161823.0
008 250425s9999 xx 000 0 und d
041 _aspa
043 _acr
082 _a332.673
100 _aMARSHALL, LUCIA
245 0 _aLA ATRACCION DE INVERSION PRODUCTIVA EN CENTROAMERICA: ANALISIS Y DISCUSION DE TEMAS RELEVANTES
250 _a1A ED.
260 _aCosta Rica
_bINCAE
_c1997
260 _aSAN JOSE
300 _a159
500 _aAGENDA CENTROAMERICANA PARA EL SIGLO XXI
650 _aCOMPETITIVIDAD
650 _aDESARROLLO INDUSTRIAL
650 _aINVERSIONES
650 _aINVERSIONES EXTRANJERAS
710 _aINCAE
942 _c01
010 _a30993
999 _c216760
_d216760